Statistics for RWC 2019 - Countries

Click here to take the quiz!

General Stats

  • This quiz has been taken 20 times
  • The average score is 17 of 20

Answer Stats

Answer% Correct
New Zealand
100%
England
94%
France
94%
Ireland
94%
Italy
94%
Japan
94%
South Africa
94%
Wales
94%
Australia
89%
Canada
89%
USA
89%
Argentina
83%
Fiji
83%
Scotland
83%
Samoa
78%
Russia
72%
Tonga
72%
Namibia
67%
Georgia
56%
Uruguay
56%

Score Distribution

Percentile by Number Answered

Percent of People with Each Score

Your Score History

You have not taken this quiz